Zgadnij województwa (1975-1998) po oznaczeniach tablicy rejestracyjnej - Statystyki

Ogólne statystyki
  • Ten quiz został rozwiązany 168 razy
  • Średni wynik to 36 z 49
Statystyki odpowiedzi
Oznaczenie Województwo % Poprawnych
WA, WS, WI, WU, WG, WF, WX, WZ, WM, WT, WP, WV Warszawskie
93%
GD, GK, GA, GN Gdańskie
92%
KR, KK, KW, KV Krakowskie
91%
WR, WO, WC, WW Wrocławskie
91%
BY, BG, BD, BC Bydgoskie
90%
KA, KT, KB, KC, KD, KX, Katowickie
90%
RZ, RE, RW Rzeszowskie
90%
LU, LL, LB Lubelskie
89%
RA, RO, RD Radomskie
89%
EL, EG, EB Elbląskie
88%
OL, ON, OT Olsztyńskie
88%
OP, OE, OD Opolskie
88%
PO, PN, PZ, PW Poznańskie
88%
SZ, SC, SM Szczecińskie
86%
TO, TU, TY Toruńskie
86%
SU, SW, SO Suwalskie
85%
GO, GW, GR Gorzowskie
83%
TA, TN, TW Tarnowskie
81%
ZA, ZM, ZC Zamojskie
81%
JG, JE, JA Jeleniogórskie
80%
CH, CM, CU Chełmskie
78%
CZ, CE, CO Częstochowskie
78%
LG, LC, LI Legnickie
78%
ZG, ZE, ZN Zielonogórskie
78%
KI, KE, KJ Kieleckie
77%
BB, BL, BO Bielskie
74%
LD, LZ, LF, LW Łódzkie
74%
WB, WY, WH Wałbrzyskie
74%
BK, BT, BI Białostockie
72%
PL, PC, PB Płockie
70%
KO, KG, KY Koszalińskie
68%
LO, LM, LA Łomżyńskie
68%
NS, NO, NA Nowosądeckie
68%
TG, TB, TE Tarnobrzeskie
67%
WL, WK, WE Włocławskie
67%
PI, PA, PY Pilskie
66%
CI, CN, CA Ciechanowskie
64%
SL, SP, SG Słupskie
64%
PR, PM, PE Przemyskie
63%
KN, KM, KF Konińskie
61%
LE, LS, LN Leszczyńskie
61%
SK, SN, SF Skierniewickie
61%
KL, KZ, KP Kaliskie
59%
OS, OK, OR Ostrołęckie
55%
SE, SD, ST Siedleckie
54%
PT, PK, PU Piotrkowskie
53%
SI, SA, SB Sieradzkie
48%
KS, KU, KH Krośnieńskie
44%
BP, BA, BS Bialskopodlaskie
43%
Nie znaleziono quizów pasujących do podanych kryteriów
Rozkład punktacji
Procent ludzi z każdym wynikiem
Percentyl według liczby udzielonych odpowiedzi
Twoja historia wyników
Nie rozwiązałeś tego quizu